On Organisational factors that elicit managerial unethical decision-making
Výsledky empirickej štúdie o vnímaní vplyvu vybraných organizačných faktorov na manažérske neetické rozhodovanie, ktorá sa uskutočnila na veľkej vzorke 777 manažérov.
Saved in:
| Main Author: | |
|---|---|
| Other Authors: | |
| Format: | Book Chapter |
| Language: | English |
| Subjects: | |
| Tags: |
No Tags, Be the first to tag this record!
|
MARC
| LEADER | 00000naa a2200000 4500 | ||
|---|---|---|---|
| 001 | 0233390 | ||
| 005 | 20220805075521.3 | ||
| 041 | 0 | |a eng | |
| 044 | |a SK | ||
| 245 | 1 | 0 | |a On Organisational factors that elicit managerial unethical decision-making |c Anna Lašáková, Anna Remišová |
| 520 | |a Výsledky empirickej štúdie o vnímaní vplyvu vybraných organizačných faktorov na manažérske neetické rozhodovanie, ktorá sa uskutočnila na veľkej vzorke 777 manažérov. | ||
| 610 | 2 | 0 | |a rozhodovanie manažérske |
| 610 | 2 | 0 | |a etika podnikateľská |
| 610 | 2 | 0 | |a riadenie ľudských zdrojov |
| 610 | 2 | 0 | |a podnikanie zodpovedné |
| 610 | 2 | 0 | |a prostredie podnikateľské |
| 100 | 1 | |a Lašáková, Anna | |
| 700 | 1 | |a Remišová, Anna | |